000 003620000a22001330004500
005 20120302054902.0
942 _cBOOK
245 _a Marathi Sanshodhan Patrikaa Traimaasika:Varsha-5,Anka-1,2,4.
260 _aMumbai:Marathi Sanshodhan Mandal,1957.
300 _a125p.
040 _aMAR
650 _aSankirna
650 _aMarathi Sanshodhan Patrikaa-Traimaasik
999 _c346878
_d346875